[Event "Open Semana Santa 2023"]
[Site "?"]
[Date "2023.04.10"]
[Round "9.189"]
[White "Sanchez Villodres, Mario"]
[Black "Jaglinski, Aleksander"]
[Result "1/2-1/2"]
[WhiteElo "1538"]
[BlackElo "1301"]
[PlyCount "57"]

1. d4 Nf6 2. c4 c5 3. d5 b5 4. cxb5 a6 5. Nc3 g6 6. e4 d6 7. f4 Bb7 8. Bc4 Nbd7
9. Nf3 Nb6 10. Be2 Bg7 11. a4 a5 12. O-O O-O 13. Bd2 Qd7 14. Nh4 h6 15. Rf3
Rae8 16. Rg3 e6 17. Bf3 exd5 18. exd5 Nc4 19. Rb1 Nxd2 20. Qxd2 Re7 21. Be2
Rfe8 22. Bd3 Nh5 23. Rh3 Bd4+ 24. Kf1 Be3 25. Qc2 Nxf4 26. Ne4 Rxe4 27. Bxe4
Nxh3 28. gxh3 Qxh3+ 29. Ng2 1/2-1/2

[Event "Open Semana Santa 2023"]
[Site "?"]
[Date "2023.10.25"]
[Round "9.190"]
[White "Perez Luna, Alfredo"]
[Black "Valverde Lopez, Francisco Leopol"]
[Result "0-1"]
[WhiteElo "1328"]
[BlackElo "1525"]
[PlyCount "126"]
[EventDate "2023.??.??"]

1. e4 e5 2. Nf3 Nf6 3. Nxe5 d6 4. Nf3 Nxe4 5. d3 Nf6 6. Nc3 Be7 7. Be2 O-O 8.
O-O c6 9. d4 d5 10. Ne5 a5 11. a4 Re8 12. Be3 Be6 13. Bd3 Bf8 14. Qf3 Qb6 15.
Rab1 c5 16. Nb5 c4 17. Bf5 Bxf5 18. Qxf5 Na6 19. Bg5 Re6 20. c3 Nc7 21. Bxf6
Nxb5 22. Nd7 Qc6 23. Nxf8 Rxf8 24. Bxg7 Nd6 25. Qc2 Kxg7 26. f3 Rfe8 27. b4 Re2
28. Qc1 Qxa4 29. Qg5+ Kf8 30. Qh6+ Ke7 31. Rbe1 Qc2 32. Rxe2+ Qxe2 33. Qg5+ Kd7
34. Qxd5 a4 35. Qa5 b5 36. Qa7+ Ke6 37. Qc5 Rc8 38. d5+ Kd7 39. Qa7+ Rc7 40.
Qd4 Qd3 41. Qg4+ Qf5 42. Qd4 Qd3 43. Qg4+ Nf5 44. Qh3 Kd8 45. Qxh7 Ne3 46. Qh4+
Kc8 47. Qh3+ Kb7 48. Re1 Nxd5 49. Qh5 f5 50. h3 Qxc3 51. Rb1 Qc2 52. Rf1 Qxg2+
53. Kxg2 Nf4+ 54. Kg3 Nxh5+ 55. Kh4 Ng7 56. Kg5 Kc6 57. h4 a3 58. h5 a2 59. h6
Ne6+ 60. Kxf5 Nd4+ 61. Kg6 Nc2 62. h7 Rxh7 63. Kxh7 a1=Q 0-1

[Event "Open Semana Santa 2023"]
[Site "?"]
[Date "2023.04.10"]
[Round "9.191"]
[White "Garcia Perez, Sergio"]
[Black "Sanchez Lake, Alvaro"]
[Result "0-1"]
[WhiteElo "1288"]
[BlackElo "1524"]
[PlyCount "52"]

1. e4 c5 2. Nc3 d6 3. g3 Nf6 4. Bg2 g6 5. d3 Bg7 6. h3 Nc6 7. Be3 Bd7 8. f4 e5
9. Nf3 Nh5 10. Ne2 exf4 11. gxf4 Rb8 12. Rb1 Qa5+ 13. c3 Qxa2 14. O-O O-O 15.
d4 cxd4 16. Nfxd4 Nxd4 17. Bxd4 Bb5 18. f5 Bxe2 19. Qxe2 Ng3 20. Qg4 Bxd4+ 21.
cxd4 Nxf1 22. Rxf1 Qxb2 23. f6 Qxd4+ 24. Kh1 h5 25. Qg5 Kh7 26. Bf3 Qe5 0-1

[Event "Open Semana Santa 2023"]
[Site "?"]
[Date "2023.04.10"]
[Round "9.192"]
[White "Martinez Silva, Gabriel"]
[Black "Marques Montolio, Luis"]
[Result "1/2-1/2"]
[WhiteElo "1232"]
[BlackElo "1519"]
[PlyCount "88"]

1. d4 d5 2. Bf4 Bf5 3. Nf3 c6 4. c3 Nf6 5. e3 e6 6. Nh4 Bg6 7. Nxg6 hxg6 8. Nd2
Nh5 9. Nf3 Nxf4 10. exf4 Nd7 11. Bd3 Be7 12. Ne5 Nxe5 13. fxe5 O-O 14. Qg4 c5
15. h4 cxd4 16. Qxd4 Qb6 17. Qxb6 axb6 18. h5 gxh5 19. Rxh5 g6 20. Rh2 Kg7 21.
Ke2 Rh8 22. Rxh8 Rxh8 23. a4 Ra8 24. b4 f6 25. f4 fxe5 26. fxe5 Bd8 27. Bb5 Bc7
28. Bd7 Kf7 29. Kd3 Bxe5 30. Re1 Kf6 31. c4 Rd8 32. Bb5 dxc4+ 33. Kxc4 Rd4+ 34.
Kb3 Rd2 35. Re2 Rd4 36. Rf2+ Ke7 37. Re2 Bf6 38. Bc4 e5 39. a5 bxa5 40. bxa5
Rd6 41. Kb4 g5 42. Kc5 Rc6+ 43. Kb5 Rd6 44. Kc5 Rc6+ 1/2-1/2

[Event "Open Semana Santa 2023"]
[Site "?"]
[Date "2023.04.10"]
[Round "9.195"]
[White "Perez Travieso, Saul"]
[Black "Sanfelix Dominguez, Juan Vicente"]
[Result "1-0"]
[WhiteElo "2007"]
[BlackElo "1730"]
[PlyCount "53"]

1. d4 d5 2. c4 e5 3. dxe5 d4 4. Nf3 Nc6 5. a3 Nge7 6. b4 Ng6 7. Bb2 Ncxe5 8.
Nxe5 Nxe5 9. Bxd4 Nxc4 10. e3 Be6 11. Bd3 a5 12. Qc2 b5 13. bxa5 Rxa5 14. O-O
Bd6 15. Qc3 c5 16. Bxg7 b4 17. axb4 cxb4 18. Qd4 Rd5 19. Qxc4 Bxh2+ 20. Kh1
Rxd3 21. Qc6+ Bd7 22. Qe4+ Be6 23. Kxh2 Qg5 24. Ra8+ Rd8 25. Rxd8+ Kxd8 26.
Bxh8 Bd5 27. Bf6+ 1-0

[Event "Open Semana Santa 2023"]
[Site "?"]
[Date "2023.04.10"]
[Round "9.196"]
[White "Soto Fernandez, Diego"]
[Black "Cervera Diaz, Aaron"]
[Result "1-0"]
[WhiteElo "1416"]
[BlackElo "1253"]
[PlyCount "42"]

1. c4 Nf6 2. Nc3 g6 3. g3 Bg7 4. Bg2 d6 5. e3 e5 6. Nge2 Nc6 7. O-O Be6 8. b3
Qd7 9. Bb2 Bh3 10. d4 h5 11. dxe5 Nxe5 12. Nf4 Bxg2 13. Kxg2 h4 14. Rh1 g5 15.
Nfd5 O-O-O 16. Qd4 Nxd5 17. Nxd5 hxg3 18. hxg3 Rxh1 19. Rxh1 f6 20. Qxa7 Qc6
21. Rh7 Bf8 1-0

[Event "Open Semana Santa 2023"]
[Site "?"]
[Date "2023.04.10"]
[Round "9.197"]
[White "Nunez De Arenas Navarro, Agnes"]
[Black "Blanco Ros, Adrian"]
[Result "0-1"]
[WhiteElo "1245"]
[BlackElo "1495"]
[PlyCount "86"]

1. d4 Nf6 2. Bf4 c5 3. c3 e6 4. Nf3 Nc6 5. e3 d5 6. Nbd2 Be7 7. Bd3 O-O 8. Ne5
h6 9. h3 Bd6 10. Ndf3 Qc7 11. Qb1 cxd4 12. exd4 Bxe5 13. Nxe5 Nxe5 14. Bxe5 Qe7
15. Qd1 Nd7 16. Qg4 Nxe5 17. dxe5 b6 18. O-O f5 19. Qf4 g5 20. Qd4 Qg7 21. Rfe1
Bd7 22. a4 h5 23. Bb5 Bxb5 24. axb5 g4 25. Qf4 gxh3 26. Qg3 hxg2 27. Qxg7+ Kxg7
28. Kxg2 Rf7 29. f4 Rc8 30. Ra6 Kh6 31. Rea1 Rcc7 32. Kf3 h4 33. Rh1 Kh5 34.
Raa1 Rg7 35. Rag1 Rg4 36. Rg2 Rc4 37. Rxg4 fxg4+ 38. Ke3 Re4+ 39. Kf2 Rxf4+ 40.
Kg2 h3+ 41. Kh2 Kh4 42. c4 g3+ 43. Kg1 Rxc4 0-1

[Event "Open Semana Santa 2023"]
[Site "?"]
[Date "2023.04.10"]
[Round "9.199"]
[White "Molina Saorin, Raul"]
[Black "Aracil Martinez, Arnau"]
[Result "0-1"]
[WhiteElo "1076"]
[BlackElo "1421"]
[PlyCount "90"]

1. e4 e5 2. Nf3 Nc6 3. Bc4 Nf6 4. d3 Bc5 5. c3 d6 6. Qb3 O-O 7. Bg5 Na5 8. Qa4
Nxc4 9. Qxc4 Qe7 10. Qa4 Bd7 11. Qc2 a5 12. Nbd2 Qe6 13. Bxf6 Qxf6 14. Nc4 Qg6
15. Ne3 f5 16. O-O-O fxe4 17. dxe4 Qe8 18. Nd5 Rc8 19. Qd2 c6 20. Ne3 Qe6 21.
Kb1 b5 22. b3 b4 23. c4 a4 24. Qd3 axb3 25. axb3 Ra8 26. Kb2 Ra3 27. Ra1 Rfa8
28. Nc2 Rxa1 29. Rxa1 Rxa1 30. Kxa1 Be8 31. Ne3 Bh5 32. Ng5 Qe7 33. g4 Bd4+ 34.
Kb1 Qxg5 35. gxh5 Qxh5 36. c5 Bxc5 37. Qc4+ Qf7 38. Qxf7+ Kxf7 39. Kc2 g5 40.
Kd3 h5 41. f3 Ke6 42. Nc2 g4 43. f4 Bg1 44. f5+ Kf6 45. h4 gxh3 0-1

[Event "Open Semana Santa 2023"]
[Site "?"]
[Date "2023.04.10"]
[Round "9.200"]
[White "Xia, Zhe"]
[Black "Dimitrov Garcia, Dimitri Ivaylov"]
[Result "1-0"]
[WhiteElo "1366"]
[BlackElo "1175"]
[PlyCount "79"]

1. d4 d5 2. c4 c6 3. Nc3 Nf6 4. Nf3 h6 5. Bf4 Bf5 6. e3 Qb6 7. b3 e6 8. c5 Qa5
9. Rc1 Ne4 10. b4 Qxb4 11. Qb3 Qxb3 12. axb3 Nd7 13. b4 a5 14. Nxe4 dxe4 15.
Nh4 Bh7 16. bxa5 g5 17. Bg3 gxh4 18. Bxh4 Rxa5 19. Rb1 Rb5 20. Bxb5 cxb5 21.
Rxb5 Be7 22. Bxe7 Kxe7 23. O-O Rc8 24. Rxb7 e5 25. g4 f5 26. dxe5 fxg4 27. e6
Kxe6 28. Rd1 Nf6 29. Rd6+ Ke5 30. Re7+ Kf5 31. Rf7 Rxc5 32. Rfxf6+ Kg5 33. Rxh6
Bf5 34. Rh8 Rb5 35. Kg2 Rc5 36. Kg3 Rc1 37. Rg8+ Kh5 38. Kf4 Bh7 39. Rg5+ Kh4
40. Rh6# 1-0

[Event "Open Semana Santa 2023"]
[Site "?"]
[Date "2023.04.10"]
[Round "9.204"]
[White "Beneyto De Ramon, Jaime"]
[Black "Ortiz Maseres, Roberto"]
[Result "1-0"]
[WhiteElo "1070"]
[BlackElo "1268"]
[PlyCount "43"]

1. e4 d5 2. exd5 Nf6 3. Bc4 Nxd5 4. Nf3 Bg4 5. h3 Bh5 6. d3 Nc6 7. Nbd2 Ne5 8.
Nf1 Nxf3+ 9. gxf3 Nb6 10. Bb3 e5 11. Ng3 Bg6 12. Qe2 f6 13. h4 h5 14. f4 Bd6
15. f5 Bf7 16. Bxf7+ Kxf7 17. Nxh5 Rh7 18. Qg4 Qg8 19. Rg1 Bf8 20. Bd2 Qh8 21.
Qg6+ Kg8 22. Nxf6# 1-0

[Event "Open Semana Santa 2023"]
[Site "?"]
[Date "2023.04.10"]
[Round "9.205"]
[White "Mulet Salva, Jeroni"]
[Black "Perea Fruet, Alba"]
[Result "1-0"]
[WhiteElo "1263"]
[BlackElo "1127"]
[PlyCount "47"]

1. e4 c5 2. d4 cxd4 3. c3 Nf6 4. e5 Nd5 5. Bc4 e6 6. cxd4 Nc6 7. Nf3 Nce7 8.
Bg5 a6 9. Nc3 Nxc3 10. bxc3 b5 11. Bb3 Bb7 12. O-O Qc7 13. Rc1 h6 14. Bd2 Nc6
15. c4 Qb8 16. Qe2 Be7 17. d5 Nd8 18. d6 Bf8 19. Nd4 bxc4 20. Rxc4 Nc6 21. Nxc6
Bxc6 22. Rfc1 g5 23. Rb4 Qa7 24. Be3 1-0

[Event "Open Semana Santa 2023"]
[Site "?"]
[Date "2023.04.10"]
[Round "9.210"]
[White "Bethencourt Hernandez, Alberto I"]
[Black "Kuzmin, Rolan"]
[Result "1-0"]
[WhiteElo "1091"]
[BlackElo "1024"]
[PlyCount "127"]
[EventDate "2023.??.??"]

1. e4 e5 2. f4 d6 3. d4 Nc6 4. c3 Nf6 5. d5 Ne7 6. Qd3 c6 7. fxe5 dxe5 8. Bg5
cxd5 9. Bxf6 gxf6 10. Nd2 Bg4 11. h3 Bh5 12. Ngf3 Ng6 13. Qb5+ Qd7 14. Qa5 a6
15. g4 Bxg4 16. hxg4 Qxg4 17. Bb5+ axb5 18. Qxa8+ Ke7 19. Qxb7+ Qd7 20. Qxd5
Qxd5 21. exd5 Nf4 22. c4 Nd3+ 23. Ke2 Nf4+ 24. Kd1 bxc4 25. Nxc4 Nxd5 26. Kc2
e4 27. Nd4 Rg8 28. Rxh7 Rg5 29. Re1 f5 30. Nc6+ Kd7 31. N4e5+ Kd6 32. Rxf7 Bh6
33. Rd1 Kc5 34. a3 Ne3+ 35. Kb3 Nxd1 36. Nd8 Rg3+ 37. Kc2 Nf2 38. Nb7+ Kd5 39.
Rxf5 e3 40. Nd3+ Ke4 41. Nd6+ Kd4 42. Nc1 e2 43. Nxe2+ Ke3 44. Nxg3 Bg7 45.
Nc4+ Kd4 46. Rxf2 Kxc4 47. b3+ Kb5 48. Rf5+ Ka6 49. Rg5 Bh6 50. Rg6+ Kb5 51.
Rxh6 Ka5 52. Ne4 Kb5 53. Rh5+ Ka6 54. a4 Kb6 55. a5+ Ka6 56. b4 Ka7 57. Rh6 Kb7
58. Nc5+ Ka7 59. b5 Kb8 60. Rh7 Ka8 61. a6 Kb8 62. b6 Kc8 63. a7 Kd8 64. a8=Q#
1-0